|
|
|
|
| LEADER |
00000nab a2200000 4500 |
| 001 |
vtls012069790 |
| 003 |
SK-MaSNL |
| 005 |
20260426043218.0 |
| 008 |
210921|2010 xo |||| || ||00 0|slo |
| 015 |
|
|
|a SNBRB2021/09
|
| 040 |
|
|
|a SPKCL
|b slo
|e rda
|
| 041 |
|
|
|a slo
|
| 044 |
|
|
|a xo
|c SK
|
| 072 |
|
7 |
|a 14
|x Filozofické systémy a hľadiská
|2 konspekt
|
| 072 |
|
7 |
|a 930
|x Historická veda. Pomocné vedy historické. Archívnictvo
|2 konspekt
|
| 080 |
|
|
|a 930.1 Hegel, Georg Wilhelm Friedrich
|2 2011
|
| 100 |
1 |
|
|a Münz, Teodor,
|d 1926-2022
|4 aut
|9 103322
|
| 245 |
1 |
0 |
|a Hegelova filozofia dejín
|c Teodor Münz
|
| 336 |
|
|
|a text
|b txt
|2 rdacontent
|
| 337 |
|
|
|a bez média
|b n
|2 rdamedia
|
| 338 |
|
|
|a zväzok
|b nc
|2 rdacarrier
|
| 600 |
1 |
7 |
|a Hegel, Georg Wilhelm Friedrich,
|d 1770-1831
|2 snkbucl
|9 98026
|
| 650 |
0 |
7 |
|a filozofia
|2 SNKPH
|9 793
|
| 650 |
0 |
7 |
|a dejiny
|2 SNKPH
|9 3825
|
| 650 |
0 |
7 |
|a filozofia dejín
|2 SNKPH
|9 4205
|
| 655 |
|
7 |
|a BZB
|2 SNKPH
|9 1080216
|
| 773 |
0 |
|
|t Hegel v kontextoch Heideggerovej a Patočkovej filozofie / Leško, V.-Tholt. P. (eds.)
|d Košice : Filozofická fakulta UPJŠ, 2010
|g S. 187-197
|z 9788081521089
|
| 856 |
4 |
1 |
|u //www.unibook.upjs.sk/img/cms/2010/ff/hegel-v-kontextoch.pdf
|
| 958 |
|
|
|a NB
|
| 999 |
|
|
|c 1827613
|d 1829543
|